Teaching TV production in a digital world (Record no. 153107)
[ view plain ]
| 000 -LEADER | |
|---|---|
| fixed length control field | 00704nam a22002417a 4500 |
| 003 - CONTROL NUMBER IDENTIFIER | |
| control field | dpl |
| 005 - DATE AND TIME OF LATEST TRANSACTION | |
| control field | 20180724141639.0 |
| 008 - FIXED-LENGTH DATA ELEMENTS--GENERAL INFORMATION | |
| fixed length control field | 180626b xxu||||| |||| 00| 0 eng d |
| 010 ## - LIBRARY OF CONGRESS CONTROL NUMBER | |
| LC control number | B-168603, B-168592, B-168592 |
| 020 ## - INTERNATIONAL STANDARD BOOK NUMBER | |
| Terms of availability | 0.00 |
| 035 ## - SYSTEM CONTROL NUMBER | |
| System control number | B-168603,B-168595 |
| 037 ## - SOURCE OF ACQUISITION | |
| Source of stock number/acquisition | BPPD/PUB |
| 040 ## - CATALOGING SOURCE | |
| Transcribing agency | 0 |
| 082 14 - DEWEY DECIMAL CLASSIFICATION NUMBER | |
| Classification number | 791.4502307 |
| 100 ## - MAIN ENTRY--PERSONAL NAME | |
| Personal name | Kenny, Robert F. |
| 245 1# - TITLE STATEMENT | |
| Title | Teaching TV production in a digital world |
| Statement of responsibility, etc | by Robert F. Kenny |
| Remainder of title | I |
| 260 ## - PUBLICATION, DISTRIBUTION, ETC. (IMPRINT) | |
| Place of publication, distribution, etc | Westport |
| Name of publisher, distributor, etc | Libraries |
| Date of publication, distribution, etc | 2004 |
| 270 ## - ADDRESS | |
| Address | 88Post Road Weat |
| City | Westport |
| 300 ## - PHYSICAL DESCRIPTION | |
| Extent | xi. 199 p. : |
| Dimensions | 26 cm. (Hb) |
| 500 ## - GENERAL NOTE | |
| General note | Includes Index |
| 650 #0 - SUBJECT ADDED ENTRY--TOPICAL TERM | |
| Topical term or geographic name as entry element | Love |
| 942 ## - ADDED ENTRY ELEMENTS (KOHA) | |
| Institution code [OBSOLETE] | dpl |
| Koha item type | English Books |
| Call number prefix | 791.4502307/KEN |
| Source of classification or shelving scheme | Dewey Decimal Classification |
| Classification part | 791.4502307 |
| Call number suffix | KEN |
| Withdrawn status | Lost status | Source of classification or shelving scheme | Damaged status | Not for loan | Collection code | Home library | Current library | Date acquired | Source of acquisition | Cost, normal purchase price | Total Checkouts | Full call number | Barcode | Date last seen | Cost, replacement price | Price effective from | Koha item type | Copy number | Date checked out |
|---|---|---|---|---|---|---|---|---|---|---|---|---|---|---|---|---|---|---|---|
| Dewey Decimal Classification | Non-fiction | Patel Nagar | Patel Nagar | 03/07/2018 | BPPD/Pub | 395.00 | 791.4502307 KEN | B-168592 | 03/07/2018 | 395.00 | 03/07/2018 | English Books | 1 | ||||||
| Dewey Decimal Classification | Non-fiction | Sarojini Nagar | Sarojini Nagar | 02/04/2019 | 791.4502307 KEN | B-168596 | 02/04/2019 | 02/04/2019 | English Books | ||||||||||
| Dewey Decimal Classification | Non-fiction | Shahdara Branch | Shahdara Branch | 26/06/2018 | BPPD/PUB | 0.00 | 791.4502307 KEN | B-168603 | 26/06/2018 | 0.00 | 26/06/2018 | English Books | |||||||
| Dewey Decimal Classification | Non-fiction | Tri Nagar | Tri Nagar | 24/07/2018 | BPPD/pub | 395.00 | 1 | 791.4502307 KEN | B-168595 | 23/01/2025 | 395.00 | 24/07/2018 | English Books | 1 | 18/01/2025 |
